000 00539nam a2200229Ia 4500
003 OSt
005 20221006151816.0
006 a|||||r|||| 00| 0
007 ta
008 221006b |||||||| |||| 00| 0 eng d
020 _c125.00
024 _a23,439
037 _cTextual
040 _aEASL
_cEASL
_beng
041 _2eng
_aeng
100 _aLIMAYE Madhu
245 0 _aProblems of India's
260 _aDelhi
_bAtma Ram
_c1984
300 _a320p.
_ccm.
942 _cTEXL
_2CC
999 _c1091525
_d1091525